Manifiesto al país
Guardado en:
| Formato: | Texto |
|---|---|
| Materias: | |
| Etiquetas: |
Agregar Etiqueta
Sin Etiquetas, Sea el primero en etiquetar este registro!
|
MARC
| LEADER | 00000 a a2200000 04500 | ||
|---|---|---|---|
| 001 | 45439 | ||
| 003 | |||
| 040 | |||
| 245 | |a Manifiesto al país | ||
| 500 | |a Antes se llamaba: ALAI SERVICIO MENSUAL DE INFORMACION Y DOCUMENTACION | ||
| 650 | |a ESTADO | ||
| 650 | |a ECONOMIA | ||
| 650 | |a TRABAJADORES | ||
| 773 | |g volumen11, número94 (Agosto, 1987), Págs. 7 | ||
| 999 | |c 20466 |d 20466 | ||
